CHICAGO PD - Statistics

General Stats
  • This quiz has been taken 360 times
  • The average score is 9 of 15
Answer Stats
Hint Answer % Correct
Has a brother who is a doctor Jay Halstead
95%
In charge of the intelligent unit Hank Voight
94%
Who has a sister is works at 51 Antonio Dawson
84%
now lives in New York Erin Lindsay
83%
Looks after a little girl Kim Burgess
83%
who got killed in prison Alvin Olinsky
72%
Dating an officer Adam Ruzek
69%
who is married to a firefighter Trudy Platt
68%
who moved from New York Hailey Upton
64%
Has a funny last name Kevin Atwater
57%
lost his sister Sean Roman
27%
Who looked up to Jay Dante Torres
22%
How only lasted not long Vanessa Rojas
19%
Who got killed in season 1 Sheldon Jin
17%
the daughter who died in chicago fire Lexi Olinskey
4%
No matching quizzes found
Score Distribution
Percent of People with Each Score
Percentile by Number Answered
Your Score History
You have not taken this quiz